[Event "Test Tournament"]
[Site "Emanuel Lasker Arena"]
[Date "2024.04.09"]
[Round "2"]
[White "CheckMaid"]
[Black "Triskaidekaphobe"]
[Result "0-1"]
[WhiteElo "1650"]
[BlackElo "1620"]
[Annotator "NA RC"]
[PlyCount "56"]
[EventDate "2024.04.09"]
[EventType "swiss (blitz)"]
[TimeControl "60"]

1. e4 {[%emt 0:00:01]} c5 {[%emt 0:00:01]} 2. Nf3 {[%emt 0:00:01]} d6 {[%emt 0:00:01]} 3. d4 {[%emt 0:00:01]} cxd4 {[%emt 0:00:01]} 4. Nxd4 {[%emt 0:00:01]} Nf6 {[%emt 0:00:00]} 5. Nc3 {[%emt 0:00:01]} g6 {[%emt 0:00:01]} 6. Be3 {[%emt 0:00:01]} Bg7 {[%emt 0:00:01]} 7. f3 {[%emt 0:00:01]} O-O {[%emt 0:00:01]} 8. Bc4 {[%emt 0:00:01]} Nc6 {[%emt 0:00:01]} 9. h3 {[%emt 0:00:01]} Qb6 {[%emt 0:00:01]} 10. Bb3 {[%emt 0:00:02]} Nxe4 {[%emt 0:00:06]} 11. Nd5 {[%emt 0:00:04]} Qa5+ {[%emt 0:00:03]} 12. c3 {[%emt 0:00:02]} Ng3 {[%emt 0:00:08]} 13. Rh2 {[%emt 0:00:04]} Re8 {[%emt 0:00:03]} 14. Qd3 {[%emt 0:00:04]} Bd7 {[%emt 0:00:03]} 15. h4 {[%emt 0:00:03]} Ne5 {[%emt 0:00:03]} 16. Qc2 {[%emt 0:00:03]} Rac8 {[%emt 0:00:02]} 17. h5 {[%emt 0:00:03]} Rc4 {[%emt 0:00:01]} 18. Bxc4 {[%emt 0:00:01]} Nxc4 {[%emt 0:00:01]} 19. Bf4 {[%emt 0:00:03]} e5 {[%emt 0:00:02]} 20. Bxg3 {[%emt 0:00:01]} exd4+ {[%emt 0:00:01]} 21. Kf2 {[%emt 0:00:02]} Qxd5 {[%emt 0:00:01]} 22. Re1 {[%emt 0:00:02]} d3 {[%emt 0:00:02]} 23. Rxe8+ {[%emt 0:00:01]} Bxe8 {[%emt 0:00:01]} 24. Qc1 {[%emt 0:00:02]} d2 {[%emt 0:00:01]} 25. Qc2 {[%emt 0:00:01]} d1=Q {[%emt 0:00:01]} 26. Qxd1 {[%emt 0:00:01]} Qxd1 {[%emt 0:00:01]} 27. b3 {[%emt 0:00:01]} Bxc3 {[%emt 0:00:01]} 28. bxc4 {[%emt 0:00:01]} Qe1# {[%emt 0:00:01] (Lag: Av=0.06s, max=0.5s)} 0-1

[Event "Test Tournament"]
[Site "Emanuel Lasker Arena"]
[Date "2024.04.09"]
[Round "2"]
[White "CheckMaid"]
[Black "Toby Ziegler"]
[Result "0-1"]
[WhiteElo "1645"]
[BlackElo "2064"]
[Annotator "RC"]
[PlyCount "88"]
[EventDate "2024.04.09"]
[EventType "swiss (blitz)"]
[TimeControl "60"]

1. e4 {[%emt 0:00:01]} e5 {[%emt 0:00:01]} 2. Nf3 {[%emt 0:00:01]} Nc6 {[%emt 0:00:01]} 3. Bb5 {[%emt 0:00:01]} a6 {[%emt 0:00:01]} 4. Ba4 {[%emt 0:00:01]} Nf6 {[%emt 0:00:01]} 5. O-O {[%emt 0:00:01]} Be7 {[%emt 0:00:01]} 6. Re1 {[%emt 0:00:02]} b5 {[%emt 0:00:01]} 7. Bb3 {[%emt 0:00:01]} O-O {[%emt 0:00:01]} 8. c3 {[%emt 0:00:01]} d6 {[%emt 0:00:01]} 9. d4 {[%emt 0:00:01]} Bg4 {[%emt 0:00:01]} 10. Be3 {[%emt 0:00:02]} exd4 {[%emt 0:00:01]} 11. cxd4 {[%emt 0:00:01]} Na5 {[%emt 0:00:01]} 12. Bc2 {[%emt 0:00:02]} Nc4 {[%emt 0:00:01]} 13. Bc1 {[%emt 0:00:01]} c5 {[%emt 0:00:01]} 14. b3 {[%emt 0:00:01]} Na5 {[%emt 0:00:01]} 15. Nbd2 {[%emt 0:00:01]} cxd4 {[%emt 0:00:01]} 16. h3 {[%emt 0:00:01]} Bh5 {[%emt 0:00:04]} 17. g4 {[%emt 0:00:01]} Nxg4 {[%emt 0:00:01]} 18. hxg4 {[%emt 0:00:01]} Bxg4 {[%emt 0:00:01]} 19. e5 {[%emt 0:00:05]} dxe5 {[%emt 0:00:03]} 20. Rxe5 {[%emt 0:00:00]} d3 {[%emt 0:00:01]} 21. Re6 {[%emt 0:00:10]} dxc2 {[%emt 0:00:01]} 22. Qxc2 {[%emt 0:00:01]} Rc8 {[%emt 0:00:01]} 23. Qc7 {[%emt 0:00:01]} Qxc7 {[%emt 0:00:01]} 24. Rxa6 {[%emt 0:00:01]} Bxf3 {[%emt 0:00:01]} 25. Nxf3 {[%emt 0:00:02]} Rfd8 {[%emt 0:00:01]} 26. Bg5 {[%emt 0:00:01]} Qc3 {[%emt 0:00:01]} 27. Bxe7 {[%emt 0:00:01]} Nc6 {[%emt 0:00:01]} 28. Bxd8 {[%emt 0:00:01]} Ne5 {[%emt 0:00:00]} 29. Ng5 {[%emt 0:00:02]} Qxa1+ {[%emt 0:00:01]} 30. Kh2 {[%emt 0:00:01]} b4 {[%emt 0:00:01]} 31. Be7 {[%emt 0:00:02]} Qd4 {[%emt 0:00:01]} 32. Kg3 {[%emt 0:00:01]} h5 {[%emt 0:00:02]} 33. Rd6 {[%emt 0:00:02]} h4+ {[%emt 0:00:02]} 34. Kg2 {[%emt 0:00:01]} Qf4 {[%emt 0:00:02]} 35. a4 {[%emt 0:00:01]} bxa3 {[%emt 0:00:02]} 36. b4 {[%emt 0:00:01]} a2 {[%emt 0:00:02]} 37. Rd1 {[%emt 0:00:01]} Qg4+ {[%emt 0:00:01]} 38. Kh2 {[%emt 0:00:01]} Qxd1 {[%emt 0:00:01]} 39. Ne4 {[%emt 0:00:01]} Nf3+ {[%emt 0:00:01]} 40. Kg2 {[%emt 0:00:01]} Ne1+ {[%emt 0:00:01]} 41. Kh3 {[%emt 0:00:01]} a1=Q {[%emt 0:00:01]} 42. Kxh4 {[%emt 0:00:00]} Qe5 {[%emt 0:00:01]} 43. Ng3 {[%emt 0:00:01]} Qd7 {[%emt 0:00:01]} 44. Nh5 {[%emt 0:00:01]} Ng2# {[%emt 0:00:01] (Lag: Av=0.07s, max=0.8s)} 0-1

[Event "Test Tournament"]
[Site "Emanuel Lasker Arena"]
[Date "2024.04.09"]
[Round "2"]
[White "CheckMaid"]
[Black "Sunset"]
[Result "0-1"]
[WhiteElo "1645"]
[BlackElo "1878"]
[Annotator "NA RC"]
[PlyCount "68"]
[EventDate "2024.04.09"]
[EventType "swiss (blitz)"]
[TimeControl "60"]

1. e4 {[%emt 0:00:01]} e5 {[%emt 0:00:01]} 2. Nf3 {[%emt 0:00:01]} Nc6 {[%emt 0:00:01]} 3. Bb5 {[%emt 0:00:01]} a6 {[%emt 0:00:01]} 4. Ba4 {[%emt 0:00:01]} Nf6 {[%emt 0:00:01]} 5. O-O {[%emt 0:00:01]} b5 {[%emt 0:00:01]} 6. Bb3 {[%emt 0:00:05]} Nxe4 {[%emt 0:00:01]} 7. Bd5 {[%emt 0:00:01]} Ng5 {[%emt 0:00:01]} 8. h4 {[%emt 0:00:09]} Ne6 {[%emt 0:00:04]} 9. h5 {[%emt 0:00:01]} Nf4 {[%emt 0:00:04]} 10. d4 {[%emt 0:00:09]} Nxd5 {[%emt 0:00:01]} 11. dxe5 {[%emt 0:00:01]} Ncb4 {[%emt 0:00:04]} 12. a3 {[%emt 0:00:02]} Bc5 {[%emt 0:00:03]} 13. axb4 {[%emt 0:00:01]} Nxb4 {[%emt 0:00:01]} 14. Bg5 {[%emt 0:00:02]} Be7 {[%emt 0:00:06]} 15. Qd4 {[%emt 0:00:02]} Nxc2 {[%emt 0:00:01]} 16. Qd5 {[%emt 0:00:02]} Bxg5 {[%emt 0:00:03]} 17. Qxa8 {[%emt 0:00:01]} O-O {[%emt 0:00:03]} 18. Rxa6 {[%emt 0:00:01]} Bxa6 {[%emt 0:00:01]} 19. Qxa6 {[%emt 0:00:01]} c6 {[%emt 0:00:02]} 20. g4 {[%emt 0:00:01]} h6 {[%emt 0:00:02]} 21. Nc3 {[%emt 0:00:01]} b4 {[%emt 0:00:02]} 22. Ne4 {[%emt 0:00:01]} Bf4 {[%emt 0:00:02]} 23. Nd6 {[%emt 0:00:02]} b3 {[%emt 0:00:01]} 24. Qc4 {[%emt 0:00:01]} Be3 {[%emt 0:00:02]} 25. fxe3 {[%emt 0:00:01]} Nxe3 {[%emt 0:00:01]} 26. Qxb3 {[%emt 0:00:01]} Nxf1 {[%emt 0:00:01]} 27. Kxf1 {[%emt 0:00:01]} Qa5 {[%emt 0:00:01]} 28. Nf5 {[%emt 0:00:01]} Kh8 {[%emt 0:00:01]} 29. g5 {[%emt 0:00:01]} Qa1+ {[%emt 0:00:01]} 30. Kf2 {[%emt 0:00:01]} Qb1 {[%emt 0:00:01]} 31. Ne7 {[%emt 0:00:01]} Qc1 {[%emt 0:00:01]} 32. Qb6 {[%emt 0:00:01]} Re8 {[%emt 0:00:01]} 33. b4 {[%emt 0:00:01]} hxg5 {[%emt 0:00:01]} 34. Qc7 {[%emt 0:00:01] .} Qd1 {[%emt 0:00:01]} 0-1

[Event "Test Tournament"]
[Site "Emanuel Lasker Arena"]
[Date "2024.04.09"]
[Round "2"]
[White "Bauernklopper"]
[Black "Stratospheric"]
[Result "1/2-1/2"]
[WhiteElo "1620"]
[BlackElo "1620"]
[Annotator "NA RC"]
[PlyCount "110"]
[EventDate "2024.04.09"]
[EventType "swiss (blitz)"]
[TimeControl "60"]

1. d4 {[%emt 0:00:01]} d5 {[%emt 0:00:01]} 2. c4 {[%emt 0:00:01]} dxc4 {[%emt 0:00:01]} 3. Nf3 {[%emt 0:00:01]} Nf6 {[%emt 0:00:01]} 4. e3 {[%emt 0:00:01]} e6 {[%emt 0:00:01]} 5. Bxc4 {[%emt 0:00:01]} c5 {[%emt 0:00:01]} 6. O-O {[%emt 0:00:01]} a6 {[%emt 0:00:01]} 7. a4 {[%emt 0:00:01]} Nc6 {[%emt 0:00:01]} 8. Qe2 {[%emt 0:00:01]} Qc7 {[%emt 0:00:01]} 9. Rd1 {[%emt 0:00:01]} Bd6 {[%emt 0:00:01]} 10. Nc3 {[%emt 0:00:01]} O-O {[%emt 0:00:01]} 11. h3 {[%emt 0:00:01]} b6 {[%emt 0:00:01]} 12. d5 {[%emt 0:00:01]} exd5 {[%emt 0:00:01]} 13. Nxd5 {[%emt 0:00:00]} Nxd5 {[%emt 0:00:01]} 14. Bxd5 {[%emt 0:00:01]} Bb7 {[%emt 0:00:01]} 15. b4 {[%emt 0:00:02]} cxb4 {[%emt 0:00:01]} 16. Rb1 {[%emt 0:00:04]} Na5 {[%emt 0:00:01]} 17. e4 {[%emt 0:00:04]} Bxd5 {[%emt 0:00:03]} 18. Rxd5 {[%emt 0:00:01]} Qc4 {[%emt 0:00:04]} 19. Qxc4 {[%emt 0:00:04]} Nxc4 {[%emt 0:00:01]} 20. Nd2 {[%emt 0:00:03]} Nxd2 {[%emt 0:00:01]} 21. Bxd2 {[%emt 0:00:01]} Bc7 {[%emt 0:00:01]} 22. Bxb4 {[%emt 0:00:01]} Rfd8 {[%emt 0:00:05]} 23. Rd2 {[%emt 0:00:03]} Rxd2 {[%emt 0:00:03]} 24. Bxd2 {[%emt 0:00:01]} Re8 {[%emt 0:00:02]} 25. f3 {[%emt 0:00:02]} f6 {[%emt 0:00:02]} 26. Kf2 {[%emt 0:00:02]} Bd6 {[%emt 0:00:02]} 27. a5 {[%emt 0:00:02]} b5 {[%emt 0:00:02]} 28. Bb4 {[%emt 0:00:01]} Bf8 {[%emt 0:00:02]} 29. Bxf8 {[%emt 0:00:01]} Kxf8 {[%emt 0:00:01]} 30. Rc1 {[%emt 0:00:01]} b4 {[%emt 0:00:01]} 31. Rc6 {[%emt 0:00:01]} Ra8 {[%emt 0:00:01]} 32. Rb6 {[%emt 0:00:01]} Rd8 {[%emt 0:00:01]} 33. Rxa6 {[%emt 0:00:01]} Rb8 {[%emt 0:00:01]} 34. Rb6 {[%emt 0:00:01]} Rxb6 {[%emt 0:00:01]} 35. axb6 {[%emt 0:00:01]} b3 {[%emt 0:00:01]} 36. b7 {[%emt 0:00:01]} b2 {[%emt 0:00:01]} 37. b8=R+ {[%emt 0:00:01]} Kf7 {[%emt 0:00:01]} 38. Rxb2 {[%emt 0:00:01]} f5 {[%emt 0:00:01]} 39. e5 {[%emt 0:00:01]} h6 {[%emt 0:00:01]} 40. Kg3 {[%emt 0:00:01]} Ke6 {[%emt 0:00:01]} 41. Re2 {[%emt 0:00:01]} g5 {[%emt 0:00:01]} 42. h4 {[%emt 0:00:01]} f4+ {[%emt 0:00:01]} 43. Kg4 {[%emt 0:00:01]} gxh4 {[%emt 0:00:00]} 44. Kxf4 {[%emt 0:00:01]} h3 {[%emt 0:00:01]} 45. gxh3 {[%emt 0:00:00]} h5 {[%emt 0:00:00]} 46. Re1 {[%emt 0:00:00]} h4 {[%emt 0:00:00]} 47. Kg4 {[%emt 0:00:00]} Kf7 {[%emt 0:00:00]} 48. Kxh4 {[%emt 0:00:00]} Ke6 {[%emt 0:00:00]} 49. f4 {[%emt 0:00:01]} Kf5 {[%emt 0:00:00]} 50. e6 {[%emt 0:00:00]} Kxf4 {[%emt 0:00:00]} 51. e7 {[%emt 0:00:00]} Kf5 {[%emt 0:00:00]} 52. e8=Q {[%emt 0:00:00]} Kf6 {[%emt 0:00:00]} 53. Qd8+ {[%emt 0:00:01]} Kg7 {[%emt 0:00:01]} 54. Re3 {[%emt 0:00:00]} Kf7 {[%emt 0:00:01]} 55. Qf6+ {[%emt 0:00:01] .} Kxf6 {[%emt 0:00:01]} 1/2-1/2

[Event "Test Tournament"]
[Site "Emanuel Lasker Arena"]
[Date "2024.04.09"]
[Round "2"]
[White "Bauernklopper"]
[Black "Sauerbruch"]
[Result "1-0"]
[WhiteElo "1620"]
[BlackElo "1620"]
[Annotator "NA RC"]
[PlyCount "39"]
[EventDate "2024.04.09"]
[EventType "swiss (blitz)"]
[TimeControl "60"]

1. d4 {[%emt 0:00:01]} Nf6 {[%emt 0:00:01]} 2. c4 {[%emt 0:00:01]} e5 {[%emt 0:00:01]} 3. e3 {[%emt 0:00:01]} exd4 {[%emt 0:00:01]} 4. exd4 {[%emt 0:00:01]} d5 {[%emt 0:00:01]} 5. Nf3 {[%emt 0:00:01]} Bb4+ {[%emt 0:00:01]} 6. Bd2 {[%emt 0:00:01]} Bxd2+ {[%emt 0:00:01]} 7. Nbxd2 {[%emt 0:00:01]} O-O {[%emt 0:00:01]} 8. Be2 {[%emt 0:00:01]} dxc4 {[%emt 0:00:01]} 9. Nxc4 {[%emt 0:00:01]} Re8 {[%emt 0:00:04]} 10. O-O {[%emt 0:00:01]} h6 {[%emt 0:00:04]} 11. Nfe5 {[%emt 0:00:01]} Be6 {[%emt 0:00:02]} 12. Qb3 {[%emt 0:00:02]} Na6 {[%emt 0:00:04]} 13. Qxb7 {[%emt 0:00:01]} Qxd4 {[%emt 0:00:01]} 14. Rad1 {[%emt 0:00:04]} Nc5 {[%emt 0:00:04]} 15. Qxa8 {[%emt 0:00:01]} Qf4 {[%emt 0:00:03]} 16. Qf3 {[%emt 0:00:01]} Bg4 {[%emt 0:00:03]} 17. Qxf4 {[%emt 0:00:03]} Bxe2 {[%emt 0:00:01]} 18. Na3 {[%emt 0:00:03]} Nce4 {[%emt 0:00:03]} 19. f3 {[%emt 0:00:03]} Nh7 {[%emt 0:00:02]} 20. Qxf7+ {[%emt 0:00:03] Sauerbruch resigns (Lag: Av=0.07s, max=0.6s)} 1-0

[Event "Test Tournament"]
[Site "Emanuel Lasker Arena"]
[Date "2024.04.09"]
[Round "2"]
[White "Ceres"]
[Black "Copacablanca"]
[Result "1-0"]
[WhiteElo "1620"]
[BlackElo "1922"]
[Annotator "RC"]
[PlyCount "83"]
[EventDate "2024.04.09"]
[EventType "swiss (blitz)"]
[TimeControl "60"]

1. d4 {[%emt 0:00:02]} d5 {[%emt 0:00:01]} 2. e3 {[%emt 0:00:02]} e6 {[%emt 0:00:01]} 3. Nf3 {[%emt 0:00:01]} Nf6 {[%emt 0:00:01]} 4. c4 {[%emt 0:00:01]} c5 {[%emt 0:00:01]} 5. Nc3 {[%emt 0:00:02]} cxd4 {[%emt 0:00:01]} 6. exd4 {[%emt 0:00:01]} Nc6 {[%emt 0:00:01]} 7. b3 {[%emt 0:00:03]} Bb4 {[%emt 0:00:01]} 8. Qc2 {[%emt 0:00:02]} Ne4 {[%emt 0:00:01]} 9. Qxe4 {[%emt 0:00:01]} Bxc3+ {[%emt 0:00:01]} 10. Bd2 {[%emt 0:00:02]} Bxd2+ {[%emt 0:00:01]} 11. Nxd2 {[%emt 0:00:02]} dxe4 {[%emt 0:00:01]} 12. Nxe4 {[%emt 0:00:01]} Qxd4 {[%emt 0:00:04]} 13. Rd1 {[%emt 0:00:04]} b5 {[%emt 0:00:12]} 14. Rxd4 {[%emt 0:00:01]} Nxd4 {[%emt 0:00:01]} 15. cxb5 {[%emt 0:00:02]} O-O {[%emt 0:00:03]} 16. Nd2 {[%emt 0:00:04]} a6 {[%emt 0:00:03]} 17. g3 {[%emt 0:00:03]} axb5 {[%emt 0:00:01]} 18. a3 {[%emt 0:00:03]} Rxa3 {[%emt 0:00:02]} 19. f4 {[%emt 0:00:02]} e5 {[%emt 0:00:01]} 20. Be2 {[%emt 0:00:01]} exf4 {[%emt 0:00:02]} 21. gxf4 {[%emt 0:00:02]} Ra1+ {[%emt 0:00:02]} 22. Bd1 {[%emt 0:00:01]} Re8+ {[%emt 0:00:02]} 23. Kf2 {[%emt 0:00:01]} Bf5 {[%emt 0:00:03]} 24. Kg3 {[%emt 0:00:01]} Re3+ {[%emt 0:00:01]} 25. Kf2 {[%emt 0:00:01]} Rh3 {[%emt 0:00:02]} 26. Bf3 {[%emt 0:00:02]} Rxh1 {[%emt 0:00:01]} 27. Bxh1 {[%emt 0:00:01]} Rxh2+ {[%emt 0:00:01]} 28. Bg2 {[%emt 0:00:01]} h5 {[%emt 0:00:01]} 29. Nf1 {[%emt 0:00:01]} Rh4 {[%emt 0:00:01]} 30. Bf3 {[%emt 0:00:01]} Rxf4 {[%emt 0:00:01]} 31. Nh2 {[%emt 0:00:01]} Nxb3 {[%emt 0:00:01]} 32. Nf1 {[%emt 0:00:01]} b4 {[%emt 0:00:02]} 33. Nh2 {[%emt 0:00:01]} h4 {[%emt 0:00:02]} 34. Kg2 {[%emt 0:00:01]} Be4 {[%emt 0:00:01]} 35. Kf2 {[%emt 0:00:01]} Bxf3 {[%emt 0:00:01]} 36. Nxf3 {[%emt 0:00:00]} h3 {[%emt 0:00:00]} 37. Ke3 {[%emt 0:00:00]} Rc4 {[%emt 0:00:01]} 38. Nh2 {[%emt 0:00:01]} Rh4 {[%emt 0:00:01]} 39. Kf2 {[%emt 0:00:00]} Kh7 {[%emt 0:00:01]} 40. Kf3 {[%emt 0:00:01]} Kg6 {[%emt 0:00:00]} 41. Kg3 {[%emt 0:00:00]} Rh5 {[%emt 0:00:01] '} 42. Kf4 {[%emt 0:00:00] (Lag: Av=0.06s, max=0.5s)} 1-0

[Event "Test Tournament"]
[Site "Emanuel Lasker Arena"]
[Date "2024.04.09"]
[Round "2"]
[White "Covfefe"]
[Black "RCFlyer"]
[Result "0-1"]
[WhiteElo "1620"]
[BlackElo "1977"]
[Annotator "RC"]
[PlyCount "62"]
[EventDate "2024.04.09"]
[EventType "swiss (blitz)"]
[TimeControl "60"]

1. d4 {[%emt 0:00:01]} Nf6 {[%emt 0:00:01]} 2. c4 {[%emt 0:00:01]} g6 {[%emt 0:00:01]} 3. Nc3 {[%emt 0:00:01]} Bg7 {[%emt 0:00:01]} 4. e4 {[%emt 0:00:02]} d6 {[%emt 0:00:01]} 5. Nf3 {[%emt 0:00:01]} O-O {[%emt 0:00:01]} 6. Bd3 {[%emt 0:00:01]} Bg4 {[%emt 0:00:05]} 7. Bg5 {[%emt 0:00:01]} e5 {[%emt 0:00:01]} 8. dxe5 {[%emt 0:00:04]} dxe5 {[%emt 0:00:01]} 9. Nd5 {[%emt 0:00:04]} c6 {[%emt 0:00:04]} 10. Bxf6 {[%emt 0:00:04]} Bxf6 {[%emt 0:00:01]} 11. Nxf6+ {[%emt 0:00:01]} Qxf6 {[%emt 0:00:01]} 12. b4 {[%emt 0:00:04]} h5 {[%emt 0:00:04]} 13. b5 {[%emt 0:00:03]} Rd8 {[%emt 0:00:04]} 14. bxc6 {[%emt 0:00:03]} Nxc6 {[%emt 0:00:01]} 15. c5 {[%emt 0:00:03]} Bxf3 {[%emt 0:00:01]} 16. gxf3 {[%emt 0:00:01]} Nb4 {[%emt 0:00:03]} 17. c6 {[%emt 0:00:02]} Nxd3+ {[%emt 0:00:01]} 18. Kf1 {[%emt 0:00:02]} bxc6 {[%emt 0:00:01]} 19. Qd2 {[%emt 0:00:02]} Qxf3 {[%emt 0:00:02]} 20. Rg1 {[%emt 0:00:03]} Nf4 {[%emt 0:00:02]} 21. Qc2 {[%emt 0:00:01]} Rd4 {[%emt 0:00:02]} 22. Rg3 {[%emt 0:00:03]} Qh1+ {[%emt 0:00:01]} 23. Rg1 {[%emt 0:00:00]} Qxh2 {[%emt 0:00:01]} 24. Qxc6 {[%emt 0:00:01]} Rad8 {[%emt 0:00:01]} 25. Qc2 {[%emt 0:00:02]} Qh3+ {[%emt 0:00:01]} 26. Ke1 {[%emt 0:00:01]} Nd3+ {[%emt 0:00:01]} 27. Ke2 {[%emt 0:00:01]} Rxe4+ {[%emt 0:00:01]} 28. Kd2 {[%emt 0:00:01]} Ne1+ {[%emt 0:00:01]} 29. Kc1 {[%emt 0:00:01]} Nxc2 {[%emt 0:00:01]} 30. Kxc2 {[%emt 0:00:01]} Rc8+ {[%emt 0:00:01]} 31. Kd2 {[%emt 0:00:01]} Qd7# {[%emt 0:00:01] (Lag: Av=0.05s, max=0.1s)} 0-1

[Event "Test Tournament"]
[Site "Emanuel Lasker Arena"]
[Date "2024.04.09"]
[Round "2"]
[White "Don Rodrigo"]
[Black "Jamie Fraser"]
[Result "1/2-1/2"]
[WhiteElo "1620"]
[BlackElo "2119"]
[Annotator "RC"]
[PlyCount "46"]
[EventDate "2024.04.09"]
[EventType "swiss (blitz)"]
[TimeControl "60"]

1. e4 {[%emt 0:00:02]} e5 {[%emt 0:00:01]} 2. Nf3 {[%emt 0:00:01]} Nc6 {[%emt 0:00:01]} 3. Bb5 {[%emt 0:00:02]} a6 {[%emt 0:00:01]} 4. Ba4 {[%emt 0:00:01]} Nf6 {[%emt 0:00:01]} 5. O-O {[%emt 0:00:02]} Be7 {[%emt 0:00:01]} 6. Re1 {[%emt 0:00:00]} b5 {[%emt 0:00:01]} 7. Bb3 {[%emt 0:00:01]} O-O {[%emt 0:00:01]} 8. d4 {[%emt 0:00:01]} d6 {[%emt 0:00:01]} 9. a4 {[%emt 0:00:04]} Bg4 {[%emt 0:00:01]} 10. d5 {[%emt 0:00:02]} Nd4 {[%emt 0:00:04]} 11. Kh1 {[%emt 0:00:03]} Bxf3 {[%emt 0:00:04]} 12. gxf3 {[%emt 0:00:01]} Qd7 {[%emt 0:00:04]} 13. Bg5 {[%emt 0:00:03]} Qh3 {[%emt 0:00:03]} 14. Nd2 {[%emt 0:00:04]} h6 {[%emt 0:00:03]} 15. c3 {[%emt 0:00:09]} Nxb3 {[%emt 0:00:01]} 16. Bxf6 {[%emt 0:00:03]} Nxd2 {[%emt 0:00:01]} 17. Bxe7 {[%emt 0:00:01]} Nxf3 {[%emt 0:00:01]} 18. Qxf3 {[%emt 0:00:01]} Qxf3+ {[%emt 0:00:01]} 19. Kg1 {[%emt 0:00:02]} Qg4+ {[%emt 0:00:01]} 20. Kh1 {[%emt 0:00:01]} Qf3+ {[%emt 0:00:01]} 21. Kg1 {[%emt 0:00:00]} Qg4+ {[%emt 0:00:01]} 22. Kf1 {[%emt 0:00:01]} Qh3+ {[%emt 0:00:01]} 23. Kg1 {[%emt 0:00:01]} Qg4+ {[%emt 0:00:01] (Lag: Av=0.07s, max=0.6s)} 1/2-1/2

[Event "Test Tournament"]
[Site "Emanuel Lasker Arena"]
[Date "2024.04.09"]
[Round "2"]
[White "Einpassant"]
[Black "Toby Ziegler"]
[Result "*"]
[WhiteElo "1620"]
[BlackElo "2064"]
[Annotator "RC"]
[PlyCount "32"]
[EventDate "2024.04.09"]
[EventType "swiss (blitz)"]

1. Nf3 {[%emt 0:00:01]} e6 {[%emt 0:00:01]} 2. g3 {[%emt 0:00:01]} b5 {[%emt 0:00:01]} 3. Bg2 {[%emt 0:00:01]} Bb7 {[%emt 0:00:01]} 4. O-O {[%emt 0:00:01]} Nf6 {[%emt 0:00:05]} 5. d3 {[%emt 0:00:01]} Be7 {[%emt 0:00:04]} 6. e4 {[%emt 0:00:01]} d5 {[%emt 0:00:01]} 7. exd5 {[%emt 0:00:01]} Nxd5 {[%emt 0:00:00]} 8. c4 {[%emt 0:00:01]} bxc4 {[%emt 0:00:01]} 9. dxc4 {[%emt 0:00:01]} Nb4 {[%emt 0:00:04]} 10. a3 {[%emt 0:00:02]} Nd3 {[%emt 0:00:03]} 11. Be3 {[%emt 0:00:04]} O-O {[%emt 0:00:08]} 12. Nc3 {[%emt 0:00:04]} Nxb2 {[%emt 0:00:03]} 13. Qb3 {[%emt 0:00:04]} Bxf3 {[%emt 0:00:01]} 14. Bxf3 {[%emt 0:00:01]} Qd3 {[%emt 0:00:03]} 15. Qxb2 {[%emt 0:00:01]} c6 {[%emt 0:00:03]} 16. Qb7 {[%emt 0:00:03]} Nd7 {[%emt 0:00:02]} *

[Event "Test Tournament"]
[Site "Emanuel Lasker Arena"]
[Date "2024.04.09"]
[Round "2"]
[White "Encheladus"]
[Black "LiliBeth"]
[Result "0-1"]
[WhiteElo "1620"]
[BlackElo "1855"]
[Annotator "NA RC"]
[PlyCount "42"]
[EventDate "2024.04.09"]
[EventType "swiss (blitz)"]
[TimeControl "60"]

1. e4 {[%emt 0:00:01]} Nf6 {[%emt 0:00:01]} 2. e5 {[%emt 0:00:01]} Nd5 {[%emt 0:00:01]} 3. d4 {[%emt 0:00:01]} d6 {[%emt 0:00:01]} 4. Nf3 {[%emt 0:00:01]} dxe5 {[%emt 0:00:01]} 5. Nxe5 {[%emt 0:00:01]} c6 {[%emt 0:00:01]} 6. Be2 {[%emt 0:00:01]} Bf5 {[%emt 0:00:01]} 7. O-O {[%emt 0:00:00]} Nd7 {[%emt 0:00:01]} 8. Nf3 {[%emt 0:00:01]} e6 {[%emt 0:00:00]} 9. c4 {[%emt 0:00:01]} c5 {[%emt 0:00:02]} 10. cxd5 {[%emt 0:00:02]} exd5 {[%emt 0:00:01]} 11. dxc5 {[%emt 0:00:01]} Bxc5 {[%emt 0:00:01]} 12. Qxd5 {[%emt 0:00:01]} Qe7 {[%emt 0:00:04]} 13. Nc3 {[%emt 0:00:01]} Bg4 {[%emt 0:00:04]} 14. Qxb7 {[%emt 0:00:05]} O-O {[%emt 0:00:04]} 15. Bf4 {[%emt 0:00:04]} Qf6 {[%emt 0:00:03]} 16. Nd5 {[%emt 0:00:03]} Qe6 {[%emt 0:00:03]} 17. Rae1 {[%emt 0:00:03]} Qe4 {[%emt 0:00:03]} 18. Ne5 {[%emt 0:00:03]} Bxe2 {[%emt 0:00:01]} 19. Nxd7 {[%emt 0:00:01]} Qc2 {[%emt 0:00:03]} 20. Rc1 {[%emt 0:00:01]} Bxf1 {[%emt 0:00:05]} 21. Kxf1 {[%emt 0:00:02]} Qxf2# {[%emt 0:00:02] (Lag: Av=0.05s, max=0.1s)} 0-1

[Event "Test Tournament"]
[Site "Emanuel Lasker Arena"]
[Date "2024.04.09"]
[Round "2"]
[White "Fuerteventura"]
[Black "Zimtowitch"]
[Result "0-1"]
[WhiteElo "1620"]
[BlackElo "1896"]
[Annotator "NA RC"]
[PlyCount "92"]
[EventDate "2024.04.09"]
[EventType "swiss (blitz)"]
[TimeControl "60"]

1. e4 {[%emt 0:00:01]} c5 {[%emt 0:00:01]} 2. Nf3 {[%emt 0:00:01]} d6 {[%emt 0:00:01]} 3. d4 {[%emt 0:00:01]} cxd4 {[%emt 0:00:01]} 4. Nxd4 {[%emt 0:00:01]} Nf6 {[%emt 0:00:01]} 5. Nc3 {[%emt 0:00:01]} g6 {[%emt 0:00:01]} 6. Be3 {[%emt 0:00:01]} Bg7 {[%emt 0:00:01]} 7. f3 {[%emt 0:00:01]} O-O {[%emt 0:00:01]} 8. Qd2 {[%emt 0:00:01]} Nc6 {[%emt 0:00:01]} 9. O-O-O {[%emt 0:00:01]} d5 {[%emt 0:00:01]} 10. Qe1 {[%emt 0:00:01]} e5 {[%emt 0:00:00]} 11. Bg5 {[%emt 0:00:02]} Nxd4 {[%emt 0:00:02]} 12. Qh4 {[%emt 0:00:02]} dxe4 {[%emt 0:00:02]} 13. Nxe4 {[%emt 0:00:01]} Kh8 {[%emt 0:00:01]} 14. Bxf6 {[%emt 0:00:01]} Bxf6 {[%emt 0:00:01]} 15. Nxf6 {[%emt 0:00:01]} Kg7 {[%emt 0:00:03]} 16. c3 {[%emt 0:00:01]} Qxf6 {[%emt 0:00:01]} 17. Qxf6+ {[%emt 0:00:01]} Kxf6 {[%emt 0:00:01]} 18. cxd4 {[%emt 0:00:01]} exd4 {[%emt 0:00:01]} 19. Rxd4 {[%emt 0:00:01]} Re8 {[%emt 0:00:07]} 20. Bb5 {[%emt 0:00:06]} Re3 {[%emt 0:00:03]} 21. Rd8 {[%emt 0:00:03]} h5 {[%emt 0:00:03]} 22. h4 {[%emt 0:00:03]} Rb8 {[%emt 0:00:03]} 23. Be8 {[%emt 0:00:02]} Re7 {[%emt 0:00:02]} 24. f4 {[%emt 0:00:03]} Rc7+ {[%emt 0:00:02]} 25. Kd2 {[%emt 0:00:02]} Ke7 {[%emt 0:00:02]} 26. Rxc8 {[%emt 0:00:01]} Rbxc8 {[%emt 0:00:01]} 27. Re1+ {[%emt 0:00:02]} Kf6 {[%emt 0:00:01]} 28. Bb5 {[%emt 0:00:01]} Rc1 {[%emt 0:00:01]} 29. Rxc1 {[%emt 0:00:01]} Rxc1 {[%emt 0:00:01]} 30. Kxc1 {[%emt 0:00:01]} Kf5 {[%emt 0:00:01]} 31. g4+ {[%emt 0:00:01]} hxg4 {[%emt 0:00:01]} 32. Kd2 {[%emt 0:00:01]} Kxf4 {[%emt 0:00:01]} 33. Ke2 {[%emt 0:00:01]} f5 {[%emt 0:00:01]} 34. Kf2 {[%emt 0:00:01]} g3+ {[%emt 0:00:01]} 35. Kg2 {[%emt 0:00:01]} Kg4 {[%emt 0:00:01]} 36. Be2+ {[%emt 0:00:01]} Kxh4 {[%emt 0:00:01]} 37. Bf3 {[%emt 0:00:01]} b5 {[%emt 0:00:01]} 38. Bc6 {[%emt 0:00:01]} a6 {[%emt 0:00:01]} 39. Bf3 {[%emt 0:00:01]} f4 {[%emt 0:00:01]} 40. Bc6 {[%emt 0:00:01]} b4 {[%emt 0:00:01]} 41. Bf3 {[%emt 0:00:01]} g5 {[%emt 0:00:00]} 42. Bc6 {[%emt 0:00:01]} g4 {[%emt 0:00:01]} 43. Bb7 {[%emt 0:00:00]} f3+ {[%emt 0:00:00]} 44. Kf1 {[%emt 0:00:00]} g2+ {[%emt 0:00:00]} 45. Kg1 {[%emt 0:00:00]} Kg3 {[%emt 0:00:00]} 46. Be4 {[%emt 0:00:00]} f2# {[%emt 0:00:00] (Lag: Av=0.06s, max=0.5s)} 0-1